000 00454 a2200157 4500
005 20250626163415.0
020 _a0-07-087652-5
082 _a378.198 FEL
100 _aFELDMAN, R . S
245 _aP0wer Learning Strategies for Success in Higher Education and Life,
250 _a1st Ed.
260 _aNew York,
_bMcGraw-Hill Irwin,
_c2003.
300 _axxxi.; 399p.; figure.; table.; picture,
_b Index,
_c28cm.
700 _aCHICK, S
942 _2ddc
_cBKS
999 _c5444
_d5444